000 00953naa a2200241 c 4500
001 49896
999 _c49896
_d49896
003 ES-MaCES
005 20170904133528.0
008 170904s2017 sp ||||| t||||||| ||spa d
040 _aES-MaCES
_bspa
_cES-MaCES
_dES-MaCES
100 1 _99381
_aCebrián, Inmaculada
245 1 3 _aLa segmentación del mercado de trabajo y el empleo atípico en los jóvenes
_cInmaculada Cebrián
650 4 _928292
_amercado de trabajo
650 4 _929566
_asegmentación del mercado de trabajo
650 4 _929982
_aempleo de jóvenes
650 4 _928415
_ajoven trabajador
650 4 _928327
_acondiciones de trabajo
650 4 _930171
_aempleo precario
653 1 0 _aEmpleo
773 0 _986343
_dMadrid (Fuencarral, 127, 28010) Iniciativas editoriales Sistema 1994-
_o089240
_tTemas para el debate
_w(ES-MaCES)25480
_gn. 271 (jun. 2017) {10474 R. 089240} ;p. 31-33
902 _aART Artículo de revista
942 _2CES
_cAR
_h2.0.